LEADER 01152nam0 22002771i 450 001 UON00329021 005 20231205104212.771 100 $a20090824d1969 |0itac50 ba 101 $arum 102 $aRO 105 $a|||| 1|||| 200 1 $aCreanga de aur$aMaria sa puiul padurii ; Nunta domnitei ruxanda$fMihail Sadoveanu 210 $aBucuresti$cEditura Pentru Literatura$d1969 215 $a469 p.$d20 cm. 316 $aEx inventario : Romeno 868.$5IT-UONSI FONDOONCIULESCUA/0546 620 $aRO$dBucure?ti$3UONL000071 676 $a859$cLetteratura romena e letterature ladine$v21 700 1$aSADOVEANU$bMihail$3UONV185229$0449320 712 $aEditura pentru literatura$3UONV275423$4650 801 $aIT$bSOL$c20240220$gRICA 899 $aSIBA - SISTEMA BIBLIOTECARIO DI ATENEO$2UONSI 912 $aUON00329021 950 $aSIBA - SISTEMA BIBLIOTECARIO DI ATENEO$dSI FONDO ONCIULESCU A 0546 $eSI EO 42817 5 0546 Ex inventario : Romeno 868. 996 $aCreanga de aur$91182120 996 $aMaria sa puiul padurii ; Nunta domnitei ruxanda$91368279 997 $aUNIOR